Normal view MARC view
  • Superviser : Dr Mohsin Jamil

Entry Corporate Name

Number of records used in: 1

001 - CONTROL NUMBER

  • control field: 120030

003 - CONTROL NUMBER IDENTIFIER

  • control field: NUST

005 - DATE AND TIME OF LATEST TRANSACTION

  • control field: 20240122155132.0

008 - FIXED-LENGTH DATA ELEMENTS

  • fixed length control field: 240122|| aca||aabn | a|a d

040 ## - CATALOGING SOURCE

  • Original cataloging agency: NUST
  • Transcribing agency: NUST

110 ## - HEADING--CORPORATE NAME

  • Corporate name or jurisdiction name as entry element: Superviser : Dr Mohsin Jamil

670 ## - SOURCE DATA FOUND

  • Source citation: Work cat.: (NUST)524268: Shahab Shahid 15077, Improved Design, Analysis and Current Controlled Strategy for Photovoltaic (PV) Grid Connected Converters
© 2023 Central Library, National University of Sciences and Technology. All Rights Reserved.